Rey por un día / (Record no. 52804)

MARC details
000 -LEADER
campo de control de longitud fija 00633nam a2200217 i 4500
001 - NÚMERO DE CONTROL
campo de control 52804
003 - IDENTIFICADOR DE NÚMERO DE CONTROL
campo de control ES-MaACL
005 - FECHA Y HORA DE LA ÚLTIMA TRANSACCIÓN
campo de control 20230906162640.0
007 - CAMPO FIJO DE DESCRIPCIÓN FÍSICA--INFORMACIÓN GENERAL
campo de control de longitud fija t|
008 - DATOS DE LONGITUD FIJA--INFORMACIÓN GENERAL
campo de control de longitud fija 030904s1949 sp ||||1| spa d
100 1# - ENTRADA PRINCIPAL--NOMBRE DE PERSONA
Nombre de persona Deeping, Warwick.
9 (RLIN) 43195
245 10 - MENCIÓN DEL TÍTULO
Título Rey por un día /
Mención de responsabilidad, etc. Warwick Deeping ; [traducción del inglés por Enrique de Juan].
250 ## - MENCION DE EDICION
Mención de edición [1ª ed.].
260 ## - PUBLICACIÓN, DISTRIBUCIÓN, ETC.
Lugar de publicación, distribución, etc. [Barcelona] :
Nombre del editor, distribuidor, etc. L.A.R.A.,
Fecha de publicación, distribución, etc. 1949 (
Fabricante Agustín Núñez)
300 ## - DESCRIPCIÓN FÍSICA
Extensión 211 p. ;
Dimensiones 22 cm.
490 1# - MENCIÓN DE SERIE
Mención de serie Amanecer
700 1# - ENTRADA AGREGADA--NOMBRE PERSONAL
Nombre de persona Juan, Enrique de.
9 (RLIN) 67090
830 0# - PUNTO DE ACCESO ADICIONAL DE SERIE-TÍTULO UNIFORME
Título uniforme Amanecer
9 (RLIN) 181036
852 ## - LOCALIZACIÓN
Ubicación ES-MaACL
Número de control de estantería C-15481
Sublocalización o colección R.43200
Holdings
Estatus retirado Estado de pérdida Estado de daño No para préstamo Biblioteca de origen Biblioteca actual Ubicación en estantería Fecha de adquisición Fuente de adquisición Total de préstamos Signatura topográfica completa Código de barras Visto por última vez Precio de reemplazo Tipo de ítem Koha
        Biblioteca del Ateneo de Madrid Biblioteca del Ateneo de Madrid Ficheros 17/01/2008     C-15481 1055495 23/02/2023 23/02/2023 Libro impreso